Statistiche per Le 10 più grandi economie dell'Europa

Clicka qui per fare il quiz!

Statistiche generali

  • Questo quiz è stato fatto 593 volte
  • Il punteggio medio è 9 su 10

Statistiche sulle risposte

PILPaese% Corretto
3347 bilItalia
100%
3988 bilFrancia
99%
5687 bilGermania
99%
2516 bilSpagna
97%
4029 bilRegno Unito
95%
4214 bil
Russia
(Parte Europea)
94%
818 bilSvizzera
91%
1801 bilPolonia
86%
1329 bilPaesi Bassi
85%
818 bilRomania
66%

Distribuzione punteggi

Percentile per numero di risposta

Percentuale di utenti per punteggio

I tuoi punteggi nel tempo

Non hai fatto questo quiz